[Event "Managua Hurtado Memorial 22nd"]
[Site "Managua"]
[Date "2022.12.28"]
[Round "5"]
[White "Ortiz Bermudez, Victor Francisco"]
[Black "Nieto Sanchez, Andy Daniel"]
[Result "1/2-1/2"]
[WhiteElo "1366"]
[BlackElo "1732"]
[PlyCount "44"]
[EventDate "2022.12.26"]
[EventType "swiss"]
[EventRounds "9"]
[EventCountry "NCA"]
[SourceTitle "CBM 212 Extra"]
[Source "ChessBase"]
[SourceDate "2023.03.31"]
[SourceVersion "1"]
[SourceVersionDate "2023.03.31"]
[SourceQuality "1"]

1. e4 d6 2. d4 Nd7 3. f4 e5 4. Nf3 Ngf6 5. Nc3 Be7 6. fxe5 dxe5 7. dxe5 Ng4 8. Bf4 g5 9. Bg3 h5 10. h3 Nh6 11. Bc4 Nb6 12. Qxd8+ Bxd8 13. Be2 c6 14. 0-0-0 Be6 15. Nd4 h4 16. Nxe6 fxe6 17. Bh5+ Nf7 18. Bxf7+ Kxf7 19. Rhf1+ Ke7 20. Bf2 Nd7 21. Be3 Rg8 22. Rf2 Bb6 1/2-1/2

[Event "Managua Ramirez de Arellano Memorial"]
[Site "Managua"]
[Date "2022.07.23"]
[Round "1"]
[White "Ortiz Bermudez, Victor Francisco"]
[Black "Avalos, Carlos"]
[Result "1-0"]
[WhiteElo "1246"]
[BlackElo "1822"]
[PlyCount "97"]
[EventDate "2022.07.23"]
[EventType "swiss"]
[EventRounds "9"]
[EventCountry "NCA"]
[SourceTitle "EXT 2024"]
[Source "ChessBase"]
[SourceDate "2023.10.10"]
[SourceVersion "1"]
[SourceVersionDate "2023.10.10"]
[SourceQuality "1"]

1. e4 c6 2. Nc3 d5 3. Nf3 dxe4 4. Nxe4 Nf6 5. Nxf6+ gxf6 6. Bc4 Bg4 7. h3 Bh5 8. d4 e6 9. g4 Bg6 10. Qe2 Qc7 11. h4 h5 12. g5 Be7 13. Be3 Nd7 14. 0-0-0 0-0-0 15. Bd3 f5 16. Rhe1 Bd6 17. Bd2 Bf4 18. Kb1 Bxd2 19. Qxd2 Rhe8 20. Ne5 Nxe5 21. dxe5 Rd4 22. f4 Red8 23. Qe3 Qa5 24. Re2 Ra4 25. a3 Rdd4 26. Rf1 Qd8 27. Rd2 Qb6 28. Kc1 Kc7 29. Rdf2 Rd7 30. Qxb6+ axb6 31. Rf3 b5 32. c3 Kb6 33. Rd1 Ra8 34. Bc2 Rad8 35. Rxd7 Rxd7 36. Rd3 Rd5 37. Bb1 c5 38. Kc2 c4 39. Rd2 Kc5 40. Ba2 b6 41. b3 Rxd2+ 42. Kxd2 Kd5 43. Ke3 Kc5 44. b4+ Kd5 45. Bb1 Bh7 46. Bc2 Bg6 47. a4 Kc6 48. axb5+ Kd5 49. Bd1 1-0

[Event "Managua Hurtado Memorial op"]
[Site "Managua"]
[Date "2021.12.26"]
[Round "1"]
[White "Ortiz Bermudez, Victor Francisco"]
[Black "Rodriguez Guerrero, Cristhian David"]
[Result "1/2-1/2"]
[WhiteElo "1263"]
[BlackElo "1764"]
[PlyCount "78"]
[EventDate "2021.12.26"]
[EventType "swiss"]
[EventRounds "9"]
[EventCountry "NCA"]
[SourceTitle "CBM 206 Extra"]
[Source "ChessBase"]
[SourceDate "2022.03.31"]
[SourceVersion "1"]
[SourceVersionDate "2022.03.31"]
[SourceQuality "1"]

1. e4 e5 2. Nf3 Nc6 3. Bc4 Bc5 4. c3 Nf6 5. d3 0-0 6. Bb3 h6 7. 0-0 d6 8. Nbd2 Bg4 9. h3 Bh5 10. Re1 a6 11. Nf1 Qd7 12. Be3 b5 13. Ng3 Bg6 14. Qd2 Bxe3 15. Qxe3 Na5 16. Bc2 c5 17. Nh4 Nc6 18. f4 exf4 19. Qxf4 Rad8 20. Nhf5 a5 21. Rf1 Nh5 22. Nxh5 Bxh5 23. Bd1 Bg6 24. Bg4 Bxf5 25. Bxf5 Qa7 26. Rf3 Ne5 27. Rg3 Kh8 28. Rd1 Qe7 29. d4 g5 30. Qf1 Nc4 31. b3 Na3 32. Qe2 cxd4 33. cxd4 Rfe8 34. Qh5 Qf6 35. Rf3 Qg7 36. Rc3 Re7 37. Kh1 b4 38. Rc6 Nb5 39. e5 Kg8 1/2-1/2